Most Popular Songs in USA 3/28/2026 - Statistics

General Stats
  • This quiz has been taken 10 times
  • The average score is 7 of 15
Answer Stats
Rank Artist (Version) Answer Streams Radio Airplay Sales % Correct
5. HUNTR/X Golden 12.3 Million 43.7 Million 6 Thousand
89%
4. Alex Warren Ordinary 13.7 Million 53.5 Million 2.5 Thousand
78%
6. PinkPantheress, Zara Larsson Stateside 16.4 Million 7.9 Million 1 Thousand
78%
1. Ella Langley Choosin' Texas 21.6 Million 43.6 Million 5.5 Thousand
67%
12. sombr Back to Friends 7.5 Million 48.4 Million 0.6 Thousand
56%
3. Bruno Mars I Just Might 12.2 Million 81.4 Million 3.5 Thousand
56%
2. Olivia Dean Man I Need 14.6 Million 70.6 Million 2.5 Thousand
56%
7. Taylor Swift Opalite 8.9 Million 51.1 Million 1.5 Thousand
56%
14. Bad Bunny DtMF 11.6 Million 9 Million 0.7 Thousand
44%
10. Harry Styles American Girls 14.4 Million 3 Million 1 Thousand
33%
9. Olivia Dean So Easy (To Fall In Love) 11.5 Million 32.2 Million 1.5 Thousand
33%
8. Taylor Swift The Fate Of Ophelia 9.4 Million 46 Million 1.5 Thousand
33%
11. Kehlani Folded 7 Million 56.9 Million 0.5 Thousand
22%
13. Risk It All Bruno Mars 13.1 Million 8.6 Million 2 Thousand
11%
15. Luke Combs Sleepless In A Hotel Room 9.6 Million 24.3 Million 1 Thousand
11%
No matching quizzes found
Score Distribution
Percent of People with Each Score
Percentile by Number Answered
Your Score History
You have not taken this quiz